|
|
|
|
| LEADER |
00000ny aa2200000n 44500 |
| 005 |
20110505104833.0 |
| 008 |
110505s2003 sp 000 0 spa d |
| 035 |
|
|
|a 5226
|
| 040 |
|
|
|a vLex
|
| 090 |
|
|
|c 2115
|d 2115
|
| 100 |
1 |
|
|a Marn̕ Lama, Carlos
|
| 245 |
1 |
0 |
|a Automv̤iles vs. actividades econm̤icas /
|c Carlos Marn̕ Lama, Jos ̌Mauro Vicente Hernǹdez
|h [Recurso electrn̤ico]
|
| 256 |
|
|
|a Servicio en ln̕ea.
|
| 260 |
|
|
|a Barcelona:
|b Planificacin̤ Jurd̕ica,
|c 2010.
|
| 300 |
|
|
|a 1 recurso electrn̤ico
|
| 506 |
1 |
|
|a Contenido solo disponible en los productos indicados
|d vLex Global
|d vLex Global (Academic Edition, excluding Law Schools)
|d vLex Global (U.S. Academic Edition, Law Schools)
|d vLex Global (U.S. Academic Edition, excluding Law Schools)
|d vLex Global (Academic Edition, Law Schools)
|
| 650 |
0 |
4 |
|a Derecho fiscal
|2 Tesauro vLex
|
| 650 |
0 |
4 |
|a Derecho tributario
|2 Tesauro vLex
|
| 650 |
0 |
4 |
|a Impuesto sobre actividades econm̤icas
|2 Tesauro vLex
|
| 700 |
1 |
|
|a Vicente Hernǹdez, Jos ̌Mauro
|
| 740 |
0 |
|
|a vLex Libros (Servicio en ln̕ea)
|
| 856 |
|
|
|u http://vlex.com/source/5226
|z Acceso restringido
|
| 942 |
|
|
|c BOOK
|